UK Number 1 Singles - 1972 - Statistics

General Stats
  • This quiz has been taken 39 times
  • The average score is 12 of 17
Answer Stats
Hint Answer % Correct
School's Out Alice Cooper
97%
Puppy Love Donny Osmond
89%
Long Haired Lover From Liverpool Jimmy Osmond
89%
Take Me Bak Ome Slade
86%
Mama Weer All Crazee Now Slade
86%
My Ding A Ling Chuck Berry
83%
You Wear It Well Rod Stewart
83%
Telegram Sam T.Rex
74%
Metal Guru T.Rex
74%
I'd Like To Teach The World To Sing New Seekers
71%
Without You Nilsson
71%
Vincent Don Mclean
69%
Claire Gilbert O'Sullivan
69%
Son Of My Father Chicory Tip
51%
Mouldy Old Dough Lieutenant Pigeon
51%
How Can I Be Sure David Cassidy
37%
Amazing Grace Royal Scots Dragoon Guards
26%
No matching quizzes found
Score Distribution
Percent of People with Each Score
Percentile by Number Answered
Your Score History
You have not taken this quiz